Špecifiká marketingu obchodu
Obchod ako realizátor marketingových zámerov a cieľov produkčných odvetví. Obchod ako samostatný sektor hospodárstva. Priemyselný a obchodný marketing. Obsah obchodného marketingu. Nástroje obchodného marketingu. Presadzovanie obchodného marketingu v potravinárskych obchodoch.
Gespeichert in:
| 1. Verfasser: | |
|---|---|
| Format: | Buchkapitel |
| Sprache: | Slowakisch |
| Schlagworte: | |
| Tags: |
Keine Tags, Fügen Sie das erste Tag hinzu!
|
MARC
| LEADER | 00000naa a2200000 4500 | ||
|---|---|---|---|
| 001 | r033073 | ||
| 005 | 20230918075356.8 | ||
| 041 | 0 | |a slo | |
| 044 | |a SK | ||
| 245 | 1 | 0 | |a Špecifiká marketingu obchodu |c Kristína Viestová |
| 520 | |a Obchod ako realizátor marketingových zámerov a cieľov produkčných odvetví. Obchod ako samostatný sektor hospodárstva. Priemyselný a obchodný marketing. Obsah obchodného marketingu. Nástroje obchodného marketingu. Presadzovanie obchodného marketingu v potravinárskych obchodoch. | ||
| 610 | 2 | 0 | |a marketing |
| 610 | 2 | 0 | |a obchod |
| 610 | 2 | 0 | |a koncepcie |
| 610 | 2 | 0 | |a výroba |
| 610 | 2 | 0 | |a spotrebitelia |
| 610 | 2 | 0 | |a obchodníci |
| 610 | 2 | 0 | |a sortiment tovaru |
| 610 | 2 | 0 | |a marketing strategický |
| 610 | 2 | 0 | |a služby obchodné |
| 100 | 1 | |a Viestová, Kristína | |